Kinderserien-Charaktere benennen - Statistiken

Allgemein
  • Dieses Quiz wurde 1.077 mal gespielt
  • Das Durchschnittsergebnis liegt bei 14 aus 20
Antwortstatistiken
Bildquiz Antwort % Korrekt
Spongebob
99%
Tom
99%
Tom
99%
Jerry
98%
Patrick
97%
Maja
92%
Wickie
89%
Bugs Bunny
88%
Cosmo
80%
Mister Crabs
79%
Boss Baby
75%
Willy
75%
Kermit
71%
Road Runner
62%
Kai
58%
Zane
46%
Jay
42%
Karl Kojote
34%
Rubble
34%
Duffy Duck
31%
Keine übereinstimmenden Quizze gefunden
Verteilung der Resultate
Anzahl Personen mit jedem Resultat
Perzentil nach korrekt beantworteten Fragen
Ihre Resultats-Entwicklung
Sie haben dieses Quiz noch nicht gespielt